000 01141nam0a2200289 4500
001 RU\NLR\bibl\293639
005 20260406062733.0
035 _a(NLR Aleph) 000288982
090 _a1691846
_c1691846
100 _a20020806d1999 |||y0rusy50 ca
101 0 _arus
102 _aRU
105 _aac |||||||||
200 1 _aСалаватский ДОК
_e[50-лет. юбилей]
_fН.К. Фахреев, В.А. Потеряхин
210 _aСалават
_cБ.и.
_d1999
215 _a39 с., [4] л. ил., портр.
_d20
300 _aВ вып. дан. авт.: А.А. Потеряхин
601 0 2 _a"Салаватский ДОК", акционерное о-во
_92254560
_3RU\NLR\auth\661352153
601 0 2 _a"Салаватский ДОК", акционерное о-во
_2psbo
686 _aУ30(2)616.511.092(2Р-6Б)
700 1 _aФахреев
_bН. К.
_4070
701 1 _4070
_8rus
_7ca
_aПотеряхин
_bВ. А.
_f1928-
_gВладимир Александрович
_3RU\NLR\auth\7712890
_9122600
801 0 _aRU
_bNLR
_c20020806
_gPSBO
801 1 _aRU
_bNLR
_c20020806
942 _cBOOK
980 _aNB